La industria siderúrgica latinoamericana: tendencias y potencial

Guardat en:
Dades bibliogràfiques
Autor principal: Merino Cisternas, Sergio (autor)
Format: Llibre
Idioma:espanyol
Publicat: Santiago ONU 1984
Col·lecció:CEPAL. Estudios e Informes, 40
Matèries:
Etiquetes: Afegir etiqueta
Sense etiquetes, Sigues el primer a etiquetar aquest registre!

MARC

LEADER 00000nam a2200000 a 4500
001 UCV6779
003 CL-VaPUC
008 901004e19840000CL |||||||||||||||||spa|d
082 0 4 |a 338.476  |b MER  |2 21 
100 |a Merino Cisternas, Sergio  |e autor  |9 300813 
245 1 3 |a La industria siderúrgica latinoamericana: tendencias y potencial 
300 |a 280 p 
942 |c BK 
945 |d 19901004 00:00:00 
260 |a Santiago  |b ONU  |c 1984 
500 |a Estudio preparado para la oficina de la Cepal en Brasilia, en virtud del convenio IPEA-CEPAL, por el consultor Sergio Merino Cisternas 
650 0 |a Aceros  |9 260685 
650 7 |a INDUSTRIA Y COMERCIO  |2 CL-VaPUC  |9 259508 
650 0 |a Metalurgia  |9 263720 
651 0 |a América Latina   |9 255027 
583 |a last modification  |c 20160105 12:28:57  |k Rodrigo Vera 
490 0 |a CEPAL. Estudios e Informes, 40 
999 |c 212650  |d 212648 
952 |0 0  |1 0  |4 0  |6 338_476000000000000_MER_1984  |7 0  |8 A  |9 193908  |a BIBING  |b BIBING  |d 2019-11-14  |i 2620979  |o 338.476 MER 1984  |p 2620979  |r 2025-01-20  |w 2019-11-14  |y BK  |k EII